1394 1826 1262 1295 1965 1917 1267 1532 1550 1718 1288 1180 1916 1567 1408 1494 1048 1065 1737 1711 1732 1611 1998 1835 1327 1427 1978 1993 1370 1148 1479 1580 1961 1838 1006 1400 1175 1736 1152 1720 1123 1094 1755 1993 1646 1903 1783 1652 1128 1441 1037 1873 1852 1386 1178 1484 1253 1402 1666 1133 1535 1436 1519 1061 1577 1783 1343 1828 1263 1199 1319 1744 1261 1581 1541 1238 1751 1394 1763 1918 1958 1954 1356 1496 1995 1060 1378 1886 1951 1566 1180 1567 1479 1201 1415 1581 1821 1674 1316 BCNSPRNW ULIB Ver.6.0+V

เปลี่ยนเป็นภาษาไทย

Change to English
 แสดงรายละเอียดบรรณานุกรม
  กลับหน้าหลัก

Brief Record : Get Marc (ISO 2709) : E-mail record : QR code < ปิดหน้าต่าง
LEADER : 00000nam 2200000uu 4500
001    13399120909
003     ULIB
008    121024s2541||||th 000 0 tha d
099    ^aวพ.WM172^bห136ค
100 0  หทัยรัตน์ แสงจันทร์
245 00 ความเครียดและการเผชิญความเครียดของผู้หญิงที่ได้รับการวินิจฉัยว่ามีก้อนบริเวณเต้านมในระยะรอเข้ารับการผ่าตัดตรวจชิ้นเนื้อ/^cหทัยรัตน์ แสงจันทร์
260    นครปฐม:^bวิทยานิพนธ์พยาบาลศาสตรมหาบัณฑิต สาขาวิชาการพยาบาลผู้ใหญ่ ,^c2541
300    114 แผ่น
650  7 วิทยานิพนธ์
650  7 ความเครียด^nวิทยานิพนธ์
945    ^p0^l0^i032872
999    ^aใช้งานได้ทุกระบบ
รายการนี้ยังไม่มีแท็ก
คุณยังไม่ได้ล็อกอิน คุณสามารถมีกิจกรรมร่วมกับเว็บไซต์ได้ แต่ต้องล็อกอินก่อน ::
  ล็อกอิน

รายการสื่อสารสนเทศ

ลำดับที่ ประเภท เลขเรียก/บาร์โค้ด สถานที่ สถานะ
1. วิทยานิพนธ์
วิทยานิพนธ์
วพ.WM172 ห136ค  
  Barcode: 032872
ห้องสมุดวิทยาเขตสวรรค์ประชารักษ์
►วิจัย
บนชั้น

รายการใกล้เคียง
    หัวเรื่อง [วิทยานิพนธ์]

BibComment


ยังไม่เคยถูกคอมเมนท์

คอมเมนท์ทรัพยากรรายการนี้
  คอมเมนท์: ความเครียดและการเ..


 Copyright 2026. Bcnsprnw @Library